000
00316nam a22001337a 4500
008
210519b ||||| |||| 00| 0 eng d
041
_a
eng
080
_a
338
082
_a
338
100
_a
53
101
_a
MEN
245
_a
The theory and practice of bond portfolio management
_c
Bernstein,P.L
942
_2
udc
_c
BK
999
_c
57510
_d
57510